000 01723nam a22003617a 4500
003 OSt
005 20230608104001.0
008 221006b |||||||| |||| 00| 0 eng d
040 _cBiblioteca Lado V
082 _a800
_bC823f
100 _9848
_aCorrales Arias, Adriano
_edirector
245 _aFronteras/
260 _aInstituto Tecnológico de Costa Rica
_c2000
_bCosta Rica
300 _c21.5x31cm
_a96p.
366 _espa
490 _a8
_v2000
_x1409-0236
505 _tEDITORIAL
505 _tTertulia
_aEntrevista con Harold Fonseca
505 _tRaices
_aRaices de vida Las sombras son propias
505 _tReflexiones
_aOscar Wilde: Del arte por el arte a una cena con panteras El objeto y sus palabras
505 _tComunidades
_a¿Vestiremos las musas en trajes negros? La construcción de la identidad Escenarios filosóficos El viejo incendio
505 _tTrapiche
_a1er, Encuentro de Poetas Nicaragüenses y Costarricenses Epístola a los poetas de la frontera Costa Rica y Nicaragua Poesía del encuentro Conclusiones Cuento: Liudmila Poesía: Carta a Piero della Francesca
505 _tADUANA
_aLibros Revistas y Suplementos
505 _tA la tica
_aEl ambiente tico y los mitos tropicales
650 _2Tesauro de Arte & Arquitectura
_aLITERATURA
_9703
650 _2Tesauro de Arte & Arquitectura
_aNARRATIVA
_9702
650 _2Tesauro de Arte & Arquitectura
_aCUENTO
_9702
650 _2Tesauro de Arte & Arquitectura
_aPOESIA
650 _2Tesauro de Arte & Arquitectura
_aCOSTA RICA
650 _2Tesauro de Arte & Arquitectura
_aCULTURA
700 _aNavarreta, Jose Antonio
_eeditor
942 _2ddc
_c1
_h800
_iC823f
_n0
999 _c3823
_d3823